Studies on the sDm.t=f verb form in Classical Egyptian : /

محفوظ في:

المؤلف الرئيسي: Zonhoven, L. M. J.

التنسيق: كتاب

اللغة: Undetermined

منشور في: Leiden : , 1997.

الموضوعات:

الوسوم: إضافة وسم

لا توجد وسوم, كن أول من يضع وسما على هذه التسجيلة!

رقم الطلب: PJ1181 .Z65

LEADER 00572nam a2200157Ia 4500
008 220401s9999||||xx |||||||||||||| ||und||
050 4 |a PJ1181 .Z65 
100 1 |a Zonhoven, L. M. J. 
245 1 0 |a Studies on the sDm.t=f verb form in Classical Egyptian :  |b  /  |c L. M. J. Zonhoven. 
264 1 |a Leiden :  |b ,  |c 1997. 
300 |a x, 144p. :  |b  ;  |c 29cm. 
500 |a bibliography. 
650 1 4 |a Egyptian language Verb. 
942 |2 lcc  |c BK 
952 |0 0  |1 0  |2 lcc  |4 0  |6 PJ1181 Z65  |7 1  |9 39295  |a ARCE  |b ARCE  |d 2022-04-01  |l 0  |o PJ1181 .Z65  |p 1019089  |r 2022-04-01 00:00:00  |w 2022-04-01  |y BK 
999 |c 46876  |d 46876